| 000 | 00438nam a22001697a 4500 | ||
|---|---|---|---|
| 003 | NUST - PNEC | ||
| 005 | 20170116181115.0 | ||
| 008 | 151004b xxu||||| |||| 00| 0 eng d | ||
| 020 | _a0316100420 | ||
| 040 | _cLIBRARY | ||
| 082 | _a961.2040924 BLU | ||
| 100 |
_913186 _aDavid,Blundy |
||
| 245 |
_aQaddafi and the Libyan revolution _cDavid Blundy |
||
| 260 | _cc.1987 | ||
| 650 |
_913189 _aQaddafi, Muammar _xHistory |
||
| 942 |
_2ddc _cBK |
||
| 999 |
_c69313 _d69313 |
||